000 00254nam a22001217a 4500
008 181005b xxu||||| |||| 00| 0 eng d
041 _aeng
080 _a201
100 _a24
101 _aTEO
245 _aThru the Bible
_cMcGee, J.V
942 _2udc
_cBK
999 _c48929
_d48929